| 000 | 01161nam a22001937a 4500 | ||
|---|---|---|---|
| 008 | 251021b |||||||| |||| 00| 0 eng d | ||
| 020 | _a9782372581219 | ||
| 040 | _ctbs | ||
| 041 | _afre | ||
| 100 |
_aMassé, Xavier _d1977- _926231 _eauthor |
||
| 245 |
_aLa route du lac _c/ Xavier Massé. |
||
| 260 |
_aPeymeinade : _bTaurnada Éditions, _c2023. |
||
| 300 |
_a279 pages ; _c18 cm. |
||
| 490 | _a Le tourbillon des mots | ||
| 520 | _aBlaches est un charmant village réputé pour sa tranquillité… Jusqu'au jour où, au lendemain d'une soirée, trois étudiants sont portés disparus. Que s'est-il passé cette nuit-là ? Que s'est-il passé sur l'unique route qui mène au lac ? Amis, voisins, connaissances… pour les enquêteurs, tous sont suspects. Bienvenue à Blaches. | ||
| 520 | _aBlaches is a charming village known for its tranquility… until one day, after a party, three students go missing. What happened that night? What happened on the only road leading to the lake? Friends, neighbors, acquaintances—for the investigators, everyone is a suspect. Welcome to Blaches. | ||
| 650 | 0 |
_aDetective and mystery fiction _911612 |
|
| 942 | _2lcc | ||
| 999 |
_c5069 _d5069 |
||